000
00353nam a2200157Ia 4500
003
OSt
005
20240329105419.0
008
170524s9999 xx 000 0 und d
020
_a
9780070080485
040
_c
IIMT UNIVERSITY
100
_a
BHOLE, L.M
245
0
_a
Finanical institution and market
260
_a
TMH
300
_a
000
942
_2
ddc
_c
02
999
_c
3262
_d
3262